|
|
|
|
| LEADER |
01458pam a22003738a 4500 |
| 001 |
00033248 |
| 005 |
20171026081025.0 |
| 008 |
150515s2014 ||||||viesd |
| 020 |
# |
# |
|a 9786047330201
|
| 041 |
0 |
# |
|a vie
|
| 082 |
1 |
4 |
|a 781
|b NGH250TH
|
| 245 |
0 |
0 |
|a Nghệ thuật âm nhạc phương Đông
|b Bản sắc và giá trị
|
| 260 |
# |
# |
|a TP. Hồ Chí Minh
|b Đại học Quốc gia TP. Hồ Chí Minh
|c 2014
|
| 300 |
# |
# |
|a 505 tr.
|c 28 cm.
|
| 653 |
# |
# |
|a Nghệ thuật
|
| 653 |
# |
# |
|a Nghiên cứu
|
| 653 |
# |
# |
|a Kỷ yếu
|
| 653 |
# |
# |
|a Giá trị
|
| 653 |
# |
# |
|a Bản sắc
|
| 653 |
# |
# |
|a Phương Đông
|
| 653 |
# |
# |
|a Âm nhạc
|
| 710 |
|
|
|a Công ty phát triển Truyền thông Quảng cáo MAC VIệt Nam
|
| 710 |
|
|
|a Hội hữu nghị Việt Nam - Đông Nam Á
|
| 710 |
|
|
|a Trường Cao đẳng Văn hóa nghệ thuật TP. Hồ Chí Minh
|
| 710 |
|
|
|a Trường nghệ thuật âm nhạc TED Sài Gòn
|
| 710 |
|
|
|a Trường Đại học Khoa học xã hội và Nhân văn. Đại học Quốc gia TP. Hồ Chí Minh
|
| 710 |
|
|
|a Trường Đại học Trà Vinh
|
| 852 |
# |
# |
|b Kho mượn
|j KM.0018003
|
| 852 |
# |
# |
|b Kho đọc
|j KD.0016670
|
| 852 |
# |
# |
|j KD.0016670
|j KM.0018003
|
| 910 |
0 |
# |
|a kchi
|d 15/5/2015
|
| 980 |
# |
# |
|a Trung tâm Học liệu Lê Vũ Hùng, Trường Đại học Đồng Tháp
|